Logo BPK

Biblioteka

Politechniki Koszalińskiej

Colonial America / (Rekord nr 47518)

Szczegóły MARC
000 -ETYKIETA REKORDU
podpole kontrolne o stałej długości 00656nam a2200217 i 4500
001 - NUMER KONTROLNY REKORDU
pole kontrolne bgj
040 ## - ŹRÓDŁO KATALOGOWANIA
Instytucja, która utworzyła rekord BPK
041 0# - KOD JĘZYKA
Kod języka tekstu eng
008 - POLE O STAŁEJ DŁUGOŚCI - DANE KONTROLNE
podpole kontrolne o stałej długości s uk f |000 0 eng
100 1# - NAZWA OSOBOWA
Nazwa osobowa FISHER, Margaret.
245 10 - TYTUŁ/ODPOWIEDZIALNOŚĆ
Tytuł Colonial America /
Pozostałe elementy strefy tytułu i oznaczenia odpowiedzialności Margaret Fisher, Mary Jane Fowler.
260 ## - STREFA ADRESU WYDAWNICZEGO
Miejsce wydania Grand Rapids, Michigan :
Nazwa wydawcy/dystrybutora The Fideler Company,
Data publikacji, dystrybucji/powstania dokumentu cop. 1960.
300 ## - STREFA OPISU FIZYCZNEGO
Objętość 128 pp :
Inne cechy fizyczne ill., maps ;
Rozmiary 28 cm.
490 1# - STREFA SERII I DOKUMENTU WIELOCZĘŚCIOWEGO - FORMA NIE DO WYSZUKIWANIA
Tytuł i oznaczenie odpowiedzialności serii Story of America
505 ## - SFORMALIZOWANA UWAGA DOTYCZĄCA ZAWARTOŚCI
Pełny tekst uwagi Includes glossary and index.
651 #9 - HASŁO PRZEDMIOTOWE W FORMIE NAZWY GEOGRAFICZNEJ
Nazwa geograficzna United States
Określnik ogólny Social life and customs
Określnik chronologiczny To 1775
655 ## - TERMIN INDEKSOWY - OKREŚLENIE RODZAJU/FORMY DOKUMENTU
Określenie rodzaju/formy dokumentu Juvenile literature
700 1# - HASŁO DODATKOWE - NAZWA OSOBOWA
Nazwa osobowa FOWLER, Mary Jane.
830 ## - HASŁO DODATKOWE SERII LUB DOKUMENTU WIELOCZĘŚCIOWEGO - TYTUŁ UJEDNOLICONY
Tytuł ujednolicony Story of America
856 ## - LOKALIZACJA I DOSTĘP DO ELEKTRONICZNYCH DOKUMENTÓW ZDALNYCH
Link (URL) http://koha.tu.koszalin.pl/cgi-bin/koha/opac-detail.pl?biblionumber=47518
Tekst linku Katalog online BPK
942 ## - DODATKOWE ELEMENTY (KOHA)
Typ dokumentu Książka
Egzemplarze
Wycofany Status egzemplarza Uszkodzony Dostępność Lokalizacja stała Lokalizacja bieżąca Miejsce przechowywania Sygnatura Kod kreskowy Typ dokumentu
      Tylko na miejscu Biblioteka Politechniki Koszalińskiej Biblioteka Politechniki Koszalińskiej Czytelnia Wydziałowa ul. Kwiatkowskiego 6e KA 3878 09019669 Książka
© 2023 Biblioteka Politechniki Koszalińskiej :: KOHA